Finals drugs list - Statistics

General Stats
  • This quiz has been taken 20 times
  • The average score is 34 of 377
Answer Stats
Hint Answer % Correct
Strong opioid analgesic Fentanyl
53%
Antiplatelet Aspirin
47%
Strong opioid analgesic Morphine
47%
Benzodiazepine (BDZs) Diazepam
40%
Non-steroidal anti-inflammatory drug (NSAIDs) Ibuprofen
40%
Proton-pump inhibitor Omeprazole
40%
Selective serotonin reuptake inhibitor (SSRIs) Sertraline
40%
Opioid anti-motility agent | Weak opioid analgesic Codeine
33%
Selective serotonin reuptake inhibitor (SSRIs) Fluoxetine
33%
Benzodiazepine (BDZs) Lorazepam
33%
Weak analgesic/antipyretic Paracetamol
33%
Neuropathic pain drug | Tricyclic antidepressant (TCAs) Amitriptyline
27%
Penicillin (beta-lactam) antibiotic Amoxicillin
27%
HMG-CoA Reductase inhibitor Atorvastatin
27%
H2-receptor antagonist Famotidine
27%
Loop diuretic Furosemide
27%
Antipsychotics - classical (1st generation) Haloperidol
27%
Corticosteroid - IV | Corticosteroids for inflammatory diseases Hydrocortisone
27%
Osmotic laxative Lactulose
27%
Dopamine precursor Levodopa
27%
Angiotensin II receptor blocker Losartan
27%
Osmotic laxative Macrogol
27%
Opioid antagonist Naloxone
27%
Antipsychotics - atypical (2nd generation) Olanzapine
27%
Beta adrenergic receptor antagonist (beta-1 and beta-2 selective) Propranolol
27%
Anticoagulant - direct factor Xa inhibitor Rivaroxaban
27%
Cholinesterase inhibitor Rivastigmine
27%
Beta-2 adrenergic agonist - short-acting Salbutamol
27%
Potassium sparing diuretic Spironolactone
27%
Mixed agonist opioid analgesic Tramadol
27%
Atypical antidepressants Venlafaxine
27%
Sympathomimetic Adrenaline
20%
Potassium sparing diuretic Amiloride
20%
Class III anti-arrhythmic - potassium channel blocker Amiodarone
20%
Calcium channel antagonist (CCB) Amlodipine
20%
Beta adrenergic receptor antagonist (beta blocker) Atenolol
20%
Antimuscarinic Atropine
20%
Beta adrenergic receptor antagonist (beta blocker) Bisoprolol
20%
Dopa-decarboxylase inhibitor Carbidopa
20%
COX-2 selective NSAIDs Celecoxib
20%
H2-receptor antagonist Cimetidine
20%
Selective serotonin reuptake inhibitor (SSRIs) Citalopram
20%
Antipsychotics - atypical (2nd generation) Clozapine
20%
Anticoagulant - low molecular weight heparin Dalteparin
20%
Weak opioid analgesic Dihydrocodeine
20%
Calcium channel antagonist (non-dihydropyridine) | Class IV anti-arrhythmic - calcium channel blocker Diltiazem
20%
Faecal softener Docusate
20%
Anticoagulant - low molecular weight heparin Enoxaparin
20%
Cholinesterase inhibitor Galantamine
20%
Aminoglycoside antibiotic Gentamicin
20%
Anti-muscarinic/anti-cholinergic - short-acting Ipratropium
20%
NMDA receptor blockade Ketamine
20%
Proton-pump inhibitor Lansoprazole
20%
Class I anti-arrhythmic - sodium channel blocker (class Ib) | Local anaesthetic Lidocaine
20%
Angiotensin-converting enzyme inhibitor Lisinopril
20%
Opioid anti-motility agent Loperamide
20%
NMDA receptor antagonist Memantine
20%
Sympathomimetic Noradrenaline
20%
Strong opioid analgesic Oxycodone
20%
Pancreatic Enzymes Pancreatin
20%
Corticosteroid - oral | Corticosteroids for inflammatory diseases Prednisolone
20%
General anaesthetic Propofol
20%
Angiotensin-converting enzyme inhibitor Ramipril
20%
Monoamine oxidase B inhibitor (MAOIs) Rasagiline
20%
Monoamine oxidase B inhibitor (MAOIs) Selegiline
20%
Stimulant laxative Senna
20%
Catechol-O-methyl transferase inhibitor (COMT) Tolcapone
20%
Class IV anti-arrhythmic - calcium channel blocker Verapamil
20%
Anticoagulant - coumarin Warfarin
20%
Benzodiazepine (BDZs) - BDZ-like Zolpidem
20%
Paracetamol antidote Acetylcysteine
13%
Adenosine receptor activator slowing conduction through AV node Adenosine
13%
Thrombolytic/fibrinolytic Alteplase
13%
Antacids Aluminium and magnesium hydroxide/calcium carbonate
13%
Anticoagulant - direct factor Xa inhibitor Apixaban
13%
Macrolide antibiotic Azithromycin
13%
Thiazide Bendroflumethiazide
13%
Stimulant laxative Bisacodyl
13%
Mixed agonist opioid analgesic | Opioid addiction management Buprenorphine
13%
Angiotensin II receptor blocker Candesartan
13%
Angiotensin-converting enzyme inhibitor Captopril
13%
Mucolytic Carbocisteine
13%
Cephalosporin (beta-lactam) antibiotic Ceftriaxone
13%
Cephalosporin (beta-lactam) antibiotic Cefuroxime
13%
Anti-histamine (H1 receptor blockade) Cetirizine
13%
Benzodiazepine (for alcohol withdrawal) Chlordiazepoxide
13%
Thiazide Chlorthalidone
13%
Fluoroquinolone antibiotic Ciprofloxacin
13%
Lincosamide antibiotic Clindamycin
13%
Alpha-2 adrenergic agonist Clonidine
13%
Antiplatelet (purinergic receptor blocker) Clopidogrel
13%
Corticosteroids for inflammatory diseases Dexamethasone
13%
Strong opioid analgesic Diamorphine
13%
Non-steroidal anti-inflammatory drug (NSAIDs) Diclofenac
13%
Cardiac glycoside Digoxin
13%
Cholinesterase inhibitor Donepezil
13%
Alpha-1 adrenergic antagonist Doxazosin
13%
Tetracycline antibiotic Doxycycline
13%
Atypical antidepressants Duloxetine
13%
Catechol-O-methyl transferase inhibitor (COMT) Entacapone
13%
Corticosteroid - inhaled Fluticasone
13%
Nitrate Glyceryl trinitrate
13%
Thiazide Hydrochlorothiazide
13%
Thiazide Indapamide
13%
Nitrate Isosorbide mononitrate
13%
Bulk laxative Isphagula husk
13%
Anti-epilepsy drug Lamotrigine
13%
Mood stabiliser Lithium carbonate
13%
Anti-histamine (H1 receptor blockade) Loratadine
13%
Oral biguanide - increases insulin sensitivity Metformin
13%
Opioid addiction management Methadone
13%
Beta adrenergic receptor antagonist (beta-1 selective) Metoprolol
13%
Nitroimidazole antibiotic (anti-anaerobe agent) Metronidazole
13%
Atypical antidepressants Mirtazapine
13%
Leukotriene antagonist Montelukast
13%
Non-steroidal anti-inflammatory drug (NSAIDs) Naproxen
13%
Reversal of neuromuscular block - peripheral acetylcholinesterase inhibitor Neostigmine
13%
Calcium channel antagonist (dihydropyridine subclass) Nifedipine
13%
Tricyclic antidepressant (TCAs) Nortriptyline
13%
5-HT3-receptor antagonist Ondansetron
13%
Neuraminidase inhibitor (prevents viral infectivity) - influenza Oseltamivir
13%
Dopaminergic Pramipexole
13%
Neuropathic pain drug Pregabalin
13%
Antipsychotics - atypical (2nd generation) Quetiapine
13%
HIV viral protease inhibitors Ritonavir
13%
Neprilysin inhibitor (used in combination with an ARB) Sacubitril
13%
Beta-2 adrenergic agonist - long-acting Salmeterol
13%
HMG-CoA Reductase inhibitor Simvastatin
13%
Alpha-1 blocker Tamsulosin
13%
Nucleoside reverse transcriptase inhibitors (NRTIs) - HIV Tenofovir
13%
Tetracycline antibiotic Tetracycline
13%
Anticoagulant - low molecular weight heparin Tinzaparin
13%
Anti-muscarinic/anti-cholinergic - long-acting Tiotropium
13%
Anticoagulant - standard heparin Unfractionated heparin
13%
Angiotensin II receptor blocker Valsartan
13%
Glycopeptide antibiotic Vancomycin
13%
Non-benzodiazepine hypnotic Zopiclone
13%
Substance abuse treatment agent (for alcohol rehabilitation) Acamprosate
7%
Carbonic anhydrase inhibitor Acetazolamide
7%
DNA polymerase inhibitor (blockade virus replication) - HSV Aciclovir
7%
Bisphosphonate Alendronate
7%
Xanthine oxidase inhibitor Allopurinol
7%
Methylxanthine Aminophylline
7%
Faecal softener Arachis oil
7%
Corticosteroid - inhaled Beclomethasone
7%
Dopa-decarboxylase inhibitor Benserazide
7%
Penicillin (beta-lactam) antibiotic Benzylpenicillin
7%
Corticosteroid - oral Budesonide
7%
Atypical antidepressants Buproprion
7%
Anti-epilepsy drug Carbamazepine
7%
Penicillin (beta-lactam) antibiotic Co-amoxiclav
7%
Anti-gout agent Colchicine
7%
Vitamin D deficiency drugs Colecalciferol (vitamin D3)
7%
Anti-folate antibiotic Co-trimoxazole
7%
H1-receptor antagonist Cyclizine
7%
Classical alkylating agents - malignancy Cyclophosphamide
7%
Anticoagulant - direct thrombin inhibitor Dabigatran
7%
SGLT-2 inhibitor Dapagliflozin
7%
HIV viral protease inhibitors Darunavir
7%
Sympathomimetic Dobutamine
7%
D2-receptor antagonist Domperidone
7%
Non-nucleoside reverse transcriptase inhibitors (NNRTIs) - HIV Efavirenz
7%
Potassium sparing diuretic Epleronone
7%
Macrolide antibiotic Erythromycin
7%
Anti-TB drug (inhibits mycobacterial cell wall synthesis) Ethambutol
7%
Anti-epilepsy drug Ethosuximide
7%
COX-2 selective NSAIDs Etoricoxib
7%
Xanthine oxidase inhibitor Febuxostat
7%
Anti-androgens Finasteride
7%
Penicillin (beta-lactam) antibiotic Flucloxacillin
7%
Triazole anti-fungal agent - candida Fluconazole
7%
Benzodiazepine antagonist Flumazenil
7%
Beta-2 adrenergic agonist - long-acting Formoterol
7%
Neuropathic pain drug Gabapentin
7%
DNA polymerase inhibitor (blockade virus replication) - HSV Ganciclovir
7%
Therapeutic cytokines (activates anti-viral response) - Hep B and C Interferon alpha
7%
Selective I(f) current inhibitor Ivabradine
7%
Essential nutrient altering Na, K and Ca ion balance via ion channels IV Magnesium sulfate
7%
T4 thyroid hormone Levothyroxine sodium
7%
Glucagon-like peptide-1 receptor (GLP-1) agonist - incretin analogue Liraglutide
7%
Osmotic laxative Magnesium sulphate
7%
Osmotic diuretic Mannitol
7%
Anti-helmintics - worms Mebendazole
7%
Carbapenem (beta-lactam) antibiotic Meropenem
7%
Anti-folate anti-proliferative - RA Methotrexate
7%
Bulk laxative Methylcellulose
7%
D2-receptor antagonist Metoclopramide
7%
Benzodiazepine (BDZs) Midazolam
7%
Beta-3 agonist Mirabegron
7%
Inosine monophosphate dehydrogenase inhibitor - transplants Mycophenolate
7%
Opioid antagonist Naltrexone
7%
Nitrofuran antibiotic Nitrofurantoin
7%
Urinary anti-spasmodic (anti-muscarinic) Oxybutynin
7%
Labour augmentation Oxytocin
7%
Selective serotonin reuptake inhibitor (SSRIs) Paroxetine
7%
Barbiturate Phenobarbitone
7%
Penicillin (beta-lactam) antibiotic Phenoxymethylpenicillin
7%
Anti-epilepsy drug Phenytoin
7%
Stimulant laxative Picosulfate
7%
Antiplatelet (purinergic receptor blocker) Prasugrel
7%
Reversal of neuromuscular block - peripheral acetylcholinesterase inhibitor Pyridostigmine
7%
Atypical antidepressants Reboxetine
7%
Muscle relaxant - opioid | Strong opioid analgesic | Synthetic opioid analgesic used in labour Remifentanil
7%
Anti-TB drug (inhibits mycobacterial RNA synthesis) Rifampicin
7%
Antipsychotics - atypical (2nd generation) Risperidone
7%
Anti-neoplastic monoclonal antibodies for lymphoma Rituximab
7%
Neuromuscular blockers (non-depolarising) - paralytic Rocuronium
7%
Dopaminergic - synthetic agonist Ropinirole
7%
HMG-CoA Reductase inhibitor Rosuvastatin
7%
Dopaminergic - synthetic agonist Rotigotine
7%
Glucagon-like peptide-1 receptor (GLP-1) agonist - incretin analogue Semaglutide
7%
Anti-epilepsy drug Sodium valproate
7%
Urinary anti-spasmodic (anti-muscarinic) Solifenacin
7%
Thrombolytic/fibrinolytic Streptokinase
7%
Reversal of neuromuscular block - oligosaccharide Sugammadex
7%
Migraine onset - serotonin receptor agonist Sumatriptan
7%
Neuromuscular blockers (depolarising) - paralytic Suxamethonium
7%
Calcineurin inhibitor Tacrolimus
7%
Selective estrogen receptor modulator (SERM) - breast cancer Tamoxifen
7%
Beta-2 adrenergic agonist - short-acting Terbutaline
7%
Methylxanthine Theophylline
7%
Antiplatelet (purinergic receptor blocker) Ticagrelor
7%
Urinary anti-spasmodic (anti-muscarinic) Tolterodine
7%
Anti-neoplastic monoclonal antibodies for early breast cancer Trastuzumab
7%
Anti-folate antibiotic Trimethoprim
7%
Thrombolytic/fibrinolytic Urokinase
7%
Leukotriene antagonist Zafirlukast
7%
Thiopurine anti-proliferative - RA/Crohn's 6-mercaptopurine
0%
Nucleoside reverse transcriptase inhibitors (NRTIs) - HIV Abacavir
0%
Retinoids Acitretin
0%
Anti-muscarinic/anti-cholinergic - long-acting Aclidinium
0%
Cytokine modulators (TNF-alpha blockade) - RA/Crohn's Adalimumab
0%
Atypical antidepressants Agomelatine
0%
Muscle relaxant - opioid Alfentanil
0%
Direct renin inhibitor Aliskiren
0%
Dipeptidyl peptidase-4 (DPP-4) inhibitor - reduces inactivation of incretins Alogliptin
0%
Antipsychotics - atypical (2nd generation) Amisulpride
0%
HIV viral protease inhibitors Atazanavir
0%
Class II anti-arrhythmic - beta-adrenergic antagonist/beta blocker Atenolol, bisoprolol, metoprolol, sotalol
0%
Neuromuscular blockers (non-depolarising) - paralytic Atracurium besilate
0%
Phosphodiesterase-5 (PDE5) inhibitor - short-acting Avanafil
0%
Thiopurine anti-proliferative - RA/Crohn's Azathioprine
0%
HIV integrase strand transfer inhibitors Bictegravir
0%
Dopamine receptor agonist Bromocriptine
0%
Local anaesthetic Bupivacaine
0%
Atypical antidepressants Buspirone
0%
Dopamine receptor agonist Cabergoline
0%
HIV integrase strand transfer inhibitors Cabotegravir
0%
Therapeutic hormones - osteoporosis Calcitonin
0%
Vitamin D deficiency drugs Calcitriol (1,25-dihydroxyvitamin D)
0%
SGLT-2 inhibitor Canagliflozin
0%
Anti-thyroid drug - hyperthyroidism Carbimazole
0%
Anti-histamine (H1 receptor blockade) Chlorphenamine
0%
Antipsychotics - classical (1st generation) Chlorpromazine
0%
Non-benzodiazepine hypnotic (for alcohol withdrawal) Clomethiazole
0%
Triazole anti-fungal agent - candida Clotrimazole
0%
Calcineurin inhibitor Cyclosporin
0%
Anti-pyrimidines - malignancy Cytarabine
0%
Monoclonal antibody for osteoporosis Denosumab
0%
Vasopressin analogue - diabetes insipidus Desmopressin
0%
Oral mini-pill contraceptive Desogestrel
0%
Muscle relaxant - alpha-2 agonist Dexmedetomidine
0%
Labour induction Dinoprostone
0%
Class I anti-arrhythmic - sodium channel blocker (class Ia) Disopyramide
0%
Taxanes - malignancy Docetaxel
0%
HIV integrase strand transfer inhibitors Dolutegravir
0%
Non-nucleoside reverse transcriptase inhibitors (NNRTIs) - HIV Doravirine
0%
Mucolytic Dornase alfa
0%
Tricyclic antidepressant (TCAs) Dosulepin
0%
Class III anti-arrhythmic - potassium channel blocker Dronedarone
0%
Glucagon-like peptide-1 receptor (GLP-1) agonist - incretin analogue Dulaglutide
0%
SGLT-2 inhibitor Empagliflozin
0%
Nucleoside reverse transcriptase inhibitors (NRTIs) - HIV Emtricitabine
0%
SGLT-2 inhibitor Ertugliflozin
0%
Cytokine modulators (TNF-alpha blockade) - RA/Crohn's Etanercept
0%
Oral combined contraceptive pill Ethinylestradiol with desogestrel
0%
Implant contraceptive Etonorgestrel
0%
Non-nucleoside reverse transcriptase inhibitors (NNRTIs) - HIV Etravirine
0%
Glucagon-like peptide-1 receptor (GLP-1) agonist - incretin analogue Exenatide
0%
PPAR-alpha activator Fenofibrate
0%
Oral iron compound Ferrous sulphate
0%
Synthetic G-CSF - neutropenia Filgrastim
0%
Class I anti-arrhythmic - sodium channel blocker (class Ic) Flecainide
0%
Anti-pyrimidines - malignancy Fluorouracil
0%
Essential nutrient in normal pregnancy Folic acid
0%
Sulphonylurea - stimulates pancreatic insulin secretion Gliclazide
0%
Anti-muscarinic/anti-cholinergic - long-acting Glycopyrronium
0%
Luteinising hormone releasing hormone (LHRH) receptor agonist - prostate cancer Goserelin
0%
Vitamin B12 replacement Hydroxocabalamin
0%
NSAID for gout Indomethacin
0%
Cytokine modulators (TNF-alpha blockade) - RA/Crohn's Infliximab
0%
Glucose reducing hormone - short acting Insulin aspart
0%
Glucose reducing hormone - very long acting Insulin degludec
0%
Glucose reducing hormone - long acting Insulin glargine
0%
Glucose reducing hormone - medium acting Insulin isophane
0%
Glucose reducing hormone - long acting Insulin levemir
0%
Glucose reducing hormone - short acting Insulin lispro
0%
Glucose reducing hormone - very long acting Insulin toujeo
0%
Angiotensin II receptor blocker Irbesartan
0%
General anaesthetic Isoflurane
0%
Anti-TB drug (inhibits mycobacterial cell wall synthesis) Isoniazid
0%
Sympathomimetic Isoprenaline
0%
Retinoids Isotretinoin
0%
Hypocalcaemia drugs IV Calcium gluconate, vitamin D, PTH
0%
Beta adrenergic receptor antagonist (beta-1, beta-2 and alpha-1 selective) Labetolol
0%
Anti-metabolite anti-proliferative - RA Leflunomide
0%
Immunomodulator - myeloma Lenolidamide
0%
Anti-epilepsy drug Levetiracetam
0%
Local anaesthetic Levobupivacaine
0%
Oral mini-pill contraceptive Levonorgestrel
0%
Dipeptidyl peptidase-4 (DPP-4) inhibitor - reduces inactivation of incretins Linagliptin
0%
T3 thyroid hormone Liothyronine sodium
0%
Osmotic laxative Magnesium hydroxide
0%
Injectable contraceptive Medroxyprogesterone
0%
NSAID - dysmenorrhoea Mefenamic acid
0%
Anti-purines - malignancy Mercaptopurine
0%
Aminosalicylate Mesalazine
0%
Sympathomimetic Metaraminol
0%
Inhaled analgesic Methoxyflurane
0%
Anti-progestogen/prostaglandin - medical termination Mifepristone with misoprostol
0%
Reversible inhibitor of monoamine oxidase type A (RIMA) Moclobemide
0%
Non-nucleoside reverse transcriptase inhibitors (NNRTIs) - HIV Nevirapine
0%
Inhaled analgesic Nitrous oxide and oxygen mix
0%
Anti-neoplastic monoclonal antibodies for melanoma Nivolumab
0%
H2-receptor antagonist Nizatidine
0%
Hormone replacement therapy Oestrogen and medroxyprogesterone or noresthisterone
0%
Lipase inhibitor - inhibits uptake of dietary fat Orlistat
0%
Anticholinergic Orphenadrine
0%
Taxanes - malignancy Paclitaxel
0%
Bisphosphonate Pamidronate
0%
Barbiturate Pentobarbitone
0%
Angiotensin-converting enzyme inhibitor Perindopril
0%
Pyrethrines (anti-infestation) - scabies Permethrin
0%
Strong opioid analgesic | Synthetic opioid analgesic used in labour Pethidine
0%
Thiazolidinediones - increases insulin sensitivity in muscle and adipose tissue Pioglitazone
0%
Penicillin (beta-lactam) antibiotic Piperacillin tazobactam (tazocin)
0%
Barbiturate Primidone
0%
Anticholinergic Procyclidine
0%
Class I anti-arrhythmic - sodium channel blocker (class Ic) Propafenone
0%
Anti-thyroid drug - hyperthyroidism Propylthiouracil
0%
Anti-TB drug Pyrazinamide
0%
HIV integrase strand transfer inhibitors Raltegravir
0%
Nucleoside analogue (disrupts viral RNA synthesis) - Hep C and RSV Ribavirin
0%
Bisphosphonate Risedronate
0%
Dipeptidyl peptidase-4 (DPP-4) inhibitor - reduces inactivation of incretins Saxagliptin
0%
General anaesthetic Sevoflurane
0%
Phosphodiesterase-5 (PDE5) inhibitor - short-acting Sildenafil
0%
Dipeptidyl peptidase-4 (DPP-4) inhibitor - reduces inactivation of incretins Sitagliptin
0%
Antacid + alginates Sodium alginate with sodium bicarbonate
0%
Class III anti-arrhythmic - potassium channel blocker Sotalol
0%
Anti-folate antibiotic Sulfamethoxazole
0%
Aminosalicylate Sulfasalazine
0%
Phosphodiesterase-5 (PDE5) inhibitor - long-acting Tadalafil
0%
Muscle relaxant - BDZ Temazepam
0%
Hypocalcaemia drugs Teriparatide
0%
Dopamine-depleting drugs Tetrabenazine
0%
Anti-purines - malignancy Thioguanine
0%
Aminoglycoside antibiotic Tobramycin
0%
Anti-epilepsy drug | Migraine prophylaxis - anticonvulsant Topiramate
0%
Anti-fibrinolytic - menorrhagic Tranexamic acid
0%
Anticholinergic Trihexphenidyl
0%
Progesterone receptor modulator - emergency contraception Ulipristal
0%
Neuromuscular blockers (non-depolarising) - paralytic Vecuronium
0%
Dipeptidyl peptidase-4 (DPP-4) inhibitor - reduces inactivation of incretins Vildagliptin
0%
Essential nutrient in normal pregnancy Vitamin D
0%
Nucleoside reverse transcriptase inhibitors (NRTIs) - HIV Zidovudine
0%
No matching quizzes found
Score Distribution
Percent of People with Each Score
Percentile by Number Answered
Your Score History
You have not taken this quiz